[Event "HUN-chT2 Erkel 1516"]
[Site "Hungary"]
[Date "2016.02.28"]
[Round "8.9"]
[White "Kutas, Balazs"]
[Black "Tarsi, Miklos"]
[Result "1-0"]
[WhiteElo "1800"]
[BlackElo "1931"]
[PlyCount "69"]
[EventDate "2015.09.13"]
[EventType "team-tourn"]
[EventRounds "11"]
[EventCountry "HUN"]
[SourceTitle "EXT 2017"]
[Source "ChessBase"]
[SourceDate "2016.10.25"]
[SourceVersion "1"]
[SourceVersionDate "2016.10.25"]
[SourceQuality "1"]
[WhiteTeam "Salgotarjan"]
[BlackTeam "Jaszbereny"]
[WhiteTeamCountry "HUN"]
[BlackTeamCountry "HUN"]

1. e4 c6 2. d4 d5 3. Nc3 dxe4 4. Nxe4 Bf5 5. Ng3 Bg6 6. N1e2 e6 7. Nf4 Nf6 8. h4 Nd5 9. h5 Nxf4 10. Bxf4 Bf5 11. Nxf5 exf5 12. Qd2 Bd6 13. Qe3+ Be7 14. 0-0-0 0-0 15. Bd3 Nd7 16. Bxf5 Nf6 17. Qd3 Qa5 18. Kb1 Qb5 19. Qxb5 cxb5 20. d5 Nxh5 21. Bxh7+ Kxh7 22. Rxh5+ Kg6 23. g4 f6 24. d6 Bd8 25. Rxb5 Bb6 26. a4 Rf7 27. d7 Rd8 28. a5 Bxf2 29. Rxb7 Re7 30. b4 Re1 31. Rxe1 Bxe1 32. c4 Kf7 33. c5 Bxb4 34. Rxb4 Rxd7 35. c6 1-0

[Event "HUN-chT2 Erkel 1213"]
[Site "Hungary"]
[Date "2013.03.24"]
[Round "9.7"]
[White "D Albini, Geza"]
[Black "Tarsi, Miklos"]
[Result "1-0"]
[WhiteElo "2043"]
[BlackElo "1973"]
[PlyCount "43"]
[EventDate "2012.09.16"]
[EventType "team-tourn"]
[EventRounds "11"]
[EventCountry "HUN"]
[SourceTitle "EXT 2014"]
[Source "ChessBase"]
[SourceDate "2013.11.20"]
[SourceVersion "1"]
[SourceVersionDate "2013.11.20"]
[SourceQuality "1"]
[WhiteTeam "Vizugy"]
[BlackTeam "Nagykata"]
[WhiteTeamCountry "HUN"]
[BlackTeamCountry "HUN"]

1. c4 f5 2. d4 Nf6 3. Nc3 e6 4. a3 d5 5. b3 c6 6. Nf3 Bd6 7. g3 0-0 8. Bg2 Nbd7 9. 0-0 Ne4 10. Bb2 b6 11. Nxe4 fxe4 12. Ne5 Qc7 13. f4 exf3 14. Nxf3 Bb7 15. Qd3 h6 16. Bh3 Rae8 17. Qg6 Nf6 18. Ne5 Re7 19. Rf2 dxc4 20. Raf1 Bxe5 21. dxe5 c5 22. exf6 1-0

[Event "Eger Osz op"]
[Site "Eger"]
[Date "2008.10.23"]
[Round "2"]
[White "Tarsi, Miklos"]
[Black "Csizmadia, Lajos"]
[Result "0-1"]
[WhiteElo "1963"]
[BlackElo "1943"]
[PlyCount "58"]
[EventDate "2008.10.22"]
[EventType "swiss"]
[EventRounds "7"]
[EventCountry "HUN"]
[SourceTitle "EXT 2011"]
[Source "ChessBase"]
[SourceDate "2010.11.26"]
[SourceVersion "1"]
[SourceVersionDate "2010.11.26"]
[SourceQuality "1"]

1. d4 g6 2. c4 Bg7 3. e4 d6 4. Nc3 Nf6 5. f4 c5 6. d5 0-0 7. Nf3 e5 8. Bd3 exf4 9. Bxf4 Nh5 10. Bd2 Bg4 11. 0-0 Bd4+ 12. Kh1 Nd7 13. Be2 Bxf3 14. Bxf3 Qh4 15. Be1 Qg5 16. Bxh5 Qxh5 17. Qxh5 gxh5 18. Rf5 Ne5 19. Bd2 f6 20. Raf1 Nxc4 21. Bc1 a6 22. Rxh5 Rae8 23. Rf4 Rf7 24. b3 Ne5 25. Ne2 Nd3 26. Nxd4 Nxf4 27. Bxf4 Rxe4 28. g3 cxd4 29. Bxd6 d3 0-1